Dairy plant engineering and management / (Record no. 115)
[ view plain ]
| 000 -LEADER | |
|---|---|
| fixed length control field | 00497cam a2200205ua 4500 |
| 041 ## - LANGUAGE CODE | |
| Language code of text/sound track or separate title | eng |
| 082 ## - DEWEY DECIMAL CLASSIFICATION NUMBER | |
| Classification number | 637 |
| Item number | TUF/DA |
| 100 ## - MAIN ENTRY--AUTHOR NAME | |
| Personal name | Tufail, Ahmad . |
| 245 ## - TITLE STATEMENT | |
| Title | Dairy plant engineering and management / |
| 250 ## - EDITION STATEMENT | |
| Edition statement | 4 / |
| 260 ## - PUBLICATION, DISTRIBUTION, ETC. (IMPRINT) | |
| Place of publication | Allahabad : |
| Name of publisher | Kitab Mahal , |
| Year of publication | 1997. |
| 300 ## - PHYSICAL DESCRIPTION | |
| Number of Pages | 816 ; . |
| 942 ## - ADDED ENTRY ELEMENTS (KOHA) | |
| Koha item type | Books |
| Withdrawn status | Lost status | Damaged status | Home library | Current library | Date acquired | Full call number | Accession Number | Koha item type | Collection code | Shelving location | Cost, normal purchase price |
|---|---|---|---|---|---|---|---|---|---|---|---|
| Damaged | KAUAET | KAUAET | 09/03/1987 | 637 TUF/DA | 16040 | Books | |||||
| KAUAET | KAUAET | 07/04/2012 | 637 TUF/DA | 18266 | Books | ||||||
| Withdrawn | KAUAET | KAUAET | 07/04/2012 | 637 TUF/DA | 18702 | Books | |||||
| KAUAET | KAUAET | 24/05/2019 | 637 TUF/DA | 25958 | Books | Non-fiction | General Stacks | 950.00 | |||
| KAUAET | KAUAET | 24/05/2019 | 637 TUF/DA | 25959 | Books | Non-fiction | General Stacks | 950.00 | |||
| KAUAET | KAUAET | 03/06/2019 | 637 TUF/DA | BB 525 | Books | Non-fiction | Scheme | 950.00 | |||
| KAUAET | KAUAET | 03/06/2019 | 637 TUF/DA | BB 526 | Book Bank scheme for SC students | Non-fiction | Scheme | 950.00 |
